Literary criticism in India: (Record no. 181857)

MARC details
000 -LEADER
fixed length control field 00665nam a22001937a 4500
005 - DATE AND TIME OF LATEST TRANSACTION
control field 20221018103206.0
010 ## - LCCN (DPL NO)
LC control number B-746005
020 ## - INTERNATIONAL STANDARD BOOK NUMBER
International Standard Book Number 9788195021758
Terms of availability 270.00
035 ## - SYSTEM CONTROL NUMBER
System control number B-746005
037 ## - SOURCE OF ACQUISITION
Source of stock number/acquisition Sahitya Akademi
082 ## - DEWEY DECIMAL CLASSIFICATION NUMBER
Classification number 891.4
245 ## - TITLE STATEMENT
Title Literary criticism in India:
Remainder of title texts, trends and trajectories /
Statement of responsibility, etc edited by E.V. Ramakrishnan
260 ## - PUBLICATION, DISTRIBUTION, ETC. (IMPRINT)
Place of publication, distribution, etc New Delhi
Name of publisher, distributor, etc Sahitya Akademi
Date of publication, distribution, etc 2021
270 ## - ADDRESS
Address Rabindra Bhavan, 35 Ferozshah Road
City New Delhi
Postal code 110001
300 ## - PHYSICAL DESCRIPTION
Extent xxv, 266p.
Dimensions 22cm(pbk)
700 ## - ADDED ENTRY--PERSONAL NAME
Personal name Ramakrishnan, E.V.
942 ## - ADDED ENTRY ELEMENTS (KOHA)
Source of classification or shelving scheme Dewey Decimal Classification
Item type English Books
Call number suffix LIT
Classification part 891.4
Holdings
Withdrawn status Lost status Not for loan Collection code Home library Current library Date acquired Source of acquisition Cost, normal purchase price Full call number Barcode Copy number Cost, replacement price Koha item type Public note
      Non-fiction Kadipur Kadipur 18/10/2022 6.10.22/Gift 270.00 891.4 LIT B-746005 1 270.00 English Books Gift

© Delhi Public Library
Hit Counter
free hit counter